Onkológia
| Other Authors: | |
|---|---|
| Format: | Journal |
| Language: | Slovak Czech |
| PhysicalDescription: | zv. obr., tab. 30 cm Online vydanie: Onkológia (Online) ISSN 1339-4215 |
| Published: |
Bratislava
Meduca
2006-
Bratislava Solen, s.r.o. |
| ISSN: | 1336-8176 |
| Subjects: | |
| Online Access: | http://www.onkologiapreprax.sk/index.php?page=magazine_info&magazine_id=10 |
MARC
| LEADER | 00000cas a2200000 a 4500 | ||
|---|---|---|---|
| 001 | vtls008702122 | ||
| 003 | SK-MaSNL | ||
| 005 | 20260504163333.0 | ||
| 008 | 150310c20069999xo br|p 0 b0slo | ||
| 022 | |a 1336-8176 | ||
| 035 | |a (SVKBB03)vtls000239062 | ||
| 040 | |a SNK |b slo |c SNK |d SVKBB |d SAVUK |e AACR2 | ||
| 041 | 0 | |a slo |a cze |b eng |b slo |b cze | |
| 044 | |a xo |c SK | ||
| 072 | 7 | |a 616 |x Patológia. Klinická medicína |2 konspekt | |
| 080 | |a 616-006 |2 2011 | ||
| 080 | |a (051)-027.561 |2 2011 | ||
| 080 | |a 050 |2 2011 | ||
| 210 | 0 | |a Onkológia |b (Bratisl.) | |
| 222 | 0 | |a Onkológia |b (Bratislava) | |
| 245 | 0 | 0 | |a Onkológia |
| 260 | |a Bratislava |b Meduca |c 2006- | ||
| 260 | 3 | |3 2/2006- |a Bratislava |b Solen, s.r.o. | |
| 300 | |a zv. |b obr., tab. |c 30 cm | ||
| 310 | |a 6x ročne |b 2007- | ||
| 321 | |a 4x ročne |b 2006 | ||
| 362 | 0 | |a Roč. 1, č. 1 (máj 2006)- | |
| 500 | |a Šéfredaktor: 2006-4/2007, Roman Jazudek | ||
| 500 | |a Reg. číslo: MK SR 3488/2005 ; EV 3580/09 | ||
| 500 | |a Od č. 5/2007 sa šéfredaktor neuvádza | ||
| 500 | |a Vychádza v spolupráci so : Slovenskou onkologickou spoločnosťou a Slovenskou chemoterapeutickou spoločnosťou | ||
| 500 | |a Časopis je indexovaný v Bibliographia Medica Slovaca ; Bibliografie sú spracované v CIBaMed | ||
| 500 | |a Citačná skratka: Onkol. Supl. | ||
| 504 | |a Bibliogr. | ||
| 525 | |a Príloha: Onkológia. Suplement = ISSN 1337-4435 | ||
| 530 | |a Online vydanie: Onkológia (Online) ISSN 1339-4215 | ||
| 546 | |a Čiast. text v češ. ; res. angl., slov., čes. | ||
| 650 | 0 | 7 | |a onkológia |2 SNKPH |9 2540 |
| 650 | 0 | 7 | |a Oncology |2 SNKPHeng |9 265006 |
| 655 | 7 | |a odborné časopisy |2 SNKPH |9 70505 | |
| 655 | 7 | |a Professional journals |2 SNKPHeng |9 265007 | |
| 700 | 1 | |a Jazudek, Roman |4 pbd |9 265537 | |
| 770 | 0 | |t Onkológia. Suplement |x 1337-4435 |w vtls010292002 | |
| 852 | |a Štátna vedecká knižnica v Banskej Bystrici | ||
| 856 | 4 | 1 | |u http://www.onkologiapreprax.sk/index.php?page=magazine_info&magazine_id=10 |
| 910 | |a snk | ||
| 910 | |a savuk | ||
| 910 | |a svkbb | ||
| 916 | |a 2006-2014, 2015-2016, 2017, 2018, 2019-2020 | ||
| 958 | |a NB | ||
| 999 | |c 822 |d 822 | ||
| 952 | |t č. 1-6 |a SNK |b SNK |y PREZ |7 0 |p 17A1432843 |o snkČSB 5699/14/2019 |i snk2020/20861 |8 0 |f 1 |0 0 |1 0 |4 0 |d 2020-11-23 |l 0 |r 2026-02-21 19:24:25 |w 2026-02-21 | ||
| 952 | |t č. 1-6 + suppl. 1 |a SNK |b SNK |y PREZ |7 0 |p 17A1089034 |o snkČSB 5699/4/2009 |i snk2014/21169 |8 0 |f 1 |0 0 |1 0 |4 0 |d 2014-10-09 |l 0 |r 2026-02-21 19:34:19 |w 2026-02-21 | ||
| 952 | |t č. 1-6 + suppl. 1 |a SNK |b SNK |y PREZ |7 0 |p 17A1089035 |o snkČSB 5699/4/2009 D1 |i snk2014/21172 |8 0 |0 0 |1 0 |4 0 |d 2014-10-09 |l 0 |r 2026-02-21 19:34:19 |w 2026-02-21 | ||
| 952 | |t č. 1-6 + suppl. 1,2 + príl. |a SNK |b SNK |y PREZ |7 0 |p 17A1089036 |o snkČSB 5699/5/2010 |i snk2014/21173 |8 0 |z príloha: Liečba chronickej bolesti |f 1 |0 0 |1 0 |4 0 |d 2014-10-09 |l 0 |r 2026-02-21 19:34:19 |w 2026-02-21 | ||
| 952 | |t č. 1-6 + suppl. 1,2 + príl. |a SNK |b SNK |y PREZ |7 0 |p 17A1089037 |o snkČSB 5699/5/2010 D1 |i snk2014/21176 |8 0 |z príloha: Liečba chronickej bolesti ; č. 1-6 ; ; |0 0 |1 0 |4 0 |d 2014-10-09 |l 0 |r 2026-02-21 19:34:19 |w 2026-02-21 | ||
| 952 | |t č. 1-6 + suppl. 1-3 |a SNK |b SNK |y PREZ |7 0 |p 17A1089038 |o snkČSB 5699/6/2011 |i snk2014/21179 |8 0 |f 1 |0 0 |1 0 |4 0 |d 2014-10-09 |l 0 |r 2026-02-21 19:44:33 |w 2026-02-21 | ||
| 952 | |t č. 1-6 + suppl. 1-3 |a SNK |b SNK |y PREZ |7 0 |p 17A1089039 |o snkČSB 5699/6/2011 D1 |i snk2014/21182 |8 0 |0 0 |1 0 |4 0 |d 2014-10-09 |l 0 |r 2026-02-21 19:44:33 |w 2026-02-21 | ||
| 952 | |t č. 1-6 + suppl. 1-4; + príl. |a SNK |b SNK |y PREZ |7 0 |p 17A1089040 |o snkČSB 5699/7/2012 |i snk2014/21183 |8 0 |z príloha: Kompendium medicíny 15 |f 1 |0 0 |1 0 |4 0 |d 2014-10-09 |l 0 |r 2026-02-21 19:44:33 |w 2026-02-21 | ||
| 952 | |t č. 1-6 + suppl. 1-4 |a SNK |b SNK |y PREZ |7 0 |p 17A1089041 |o snkČSB 5699/7/2012 D1 |i snk2014/21196 |8 0 |0 0 |1 0 |4 0 |d 2014-10-09 |l 0 |r 2026-02-21 19:44:33 |w 2026-02-21 | ||
| 952 | |t č. 1-6 + suppl. 1 |a SNK |b SNK |y PREZ |7 0 |p 17A1089042 |o snkČSB 5699/8/2013 |i snk2014/21197 |8 0 |f 1 |0 0 |1 0 |4 0 |d 2014-10-09 |l 0 |r 2026-02-21 19:44:33 |w 2026-02-21 | ||
| 952 | |t č. 1-6 + suppl. 1, 2; + 2 príl. |a SNK |b SNK |y PREZ |7 0 |p 17A1145072 |o snkČSB 5699/9/2014 |i snk2015/22369 |8 0 |z príl.: Bratislavské onkologické dni LI. roč. v č. 1, 4 |f 1 |0 0 |1 0 |4 0 |d 2015-07-21 |l 0 |r 2026-02-21 19:46:09 |w 2026-02-21 | ||
| 952 | |t č. 1-4 + obsah v č. 1 |a SNK |b SNK |y PREZ |7 0 |p 17A0661891 |o snkČSB 5699/1/2006 |i snk2010/21346 |8 0 |f 1 |0 0 |1 0 |4 0 |d 2010-10-04 |l 0 |r 2026-02-21 19:55:28 |w 2026-02-21 | ||
| 952 | |t č. 1-4 |a SNK |b SNK |y PREZ |7 0 |p 17A0661892 |o snkČSB 5699/1/2006 D1 |i snk2010/21347 |8 0 |0 0 |1 0 |4 0 |d 2010-10-04 |l 0 |r 2026-02-21 19:55:28 |w 2026-02-21 | ||
| 952 | |t č. 1-6 + suppl. 1 + obsah v č. 1 |a SNK |b SNK |y PREZ |7 0 |p 17A0661894 |o snkČSB 5699/2/2007 |i snk2010/21348 |8 0 |f 1 |0 0 |1 0 |4 0 |d 2010-10-04 |l 0 |r 2026-02-21 19:55:28 |w 2026-02-21 | ||
| 952 | |t č. 1-6 + suppl. 1 + obsah v č. 1 |a SNK |b SNK |y PREZ |7 0 |p 17A0661895 |o snkČSB 5699/2/2007 D1 |i snk2010/21349 |8 0 |0 0 |1 0 |4 0 |d 2010-10-04 |l 0 |r 2026-02-21 19:55:28 |w 2026-02-21 | ||
| 952 | |t č. 1-6 + suppl. 1 |a SNK |b SNK |y PREZ |7 0 |p 17A0661896 |o snkČSB 5699/3/2008 |i snk2010/21353 |8 0 |f 1 |0 0 |1 0 |4 0 |d 2010-10-04 |l 0 |r 2026-02-21 19:55:28 |w 2026-02-21 | ||
| 952 | |t č. 1-6 + suppl. 1 |a SNK |b SNK |y PREZ |7 0 |p 17A0661897 |o snkČSB 5699/3/2008 D1 |i snk2010/21354 |8 0 |0 0 |1 0 |4 0 |d 2010-10-04 |l 0 |r 2026-02-21 19:55:28 |w 2026-02-21 | ||
| 952 | |t č. 1-6, neúplné |a SNK |b SNK |y PREZ |7 0 |p 17A1522533 |o snkČSB 5699/15/2020 D1 |i snk2024/1263 |8 0 |z Chýba č. 3-6 |0 0 |1 0 |4 0 |d 2024-01-23 |l 0 |r 2026-02-21 19:58:00 |w 2026-02-21 | ||
| 952 | |t č. 1-6 |a SNK |b SNK |y PREZ |7 0 |p 17A1522534 |o snkČSB 5699/16/2021 |i snk2024/1265 |8 0 |0 0 |1 0 |4 0 |d 2024-01-23 |l 0 |r 2026-02-21 19:58:00 |w 2026-02-21 | ||
| 952 | |t č. 1-6 |a SNK |b SNK |c SNK_KF |y PREZ |7 8 |p 17A1522535 |o snkČSB 5699/17/2022 |i snk2024/1266 |8 0 |0 0 |1 0 |4 0 |d 2024-01-23 |l 0 |r 2026-02-21 19:58:00 |w 2026-02-21 | ||
| 952 | |t č. 1-6 |a SNK |b SNK |y PREZ |7 0 |p 17A1434895 |o snkČSB 5699/15/2020 |i snk2021/9473 |8 0 |f 1 |0 0 |1 0 |4 0 |d 2021-07-29 |l 0 |r 2026-02-21 19:58:35 |w 2026-02-21 | ||
| 952 | |t č. 1-6 |a SNK |b SNK |y PREZ |7 0 |p 17A1434894 |o snkČSB 5699/14/2019 D1 |i snk2021/9474 |8 0 |0 0 |1 0 |4 0 |d 2021-07-29 |l 0 |r 2026-02-21 19:58:35 |w 2026-02-21 | ||
| 952 | |t č. 1-6 + suppl. 1, príl. 1 |a SNK |b SNK |y PREZ |7 0 |p 17A0870782 |o snkČSB 5699/8/2013 D1 |i snk2014/27749 |8 0 |z suppl. č. 1 ; príl. : Bratislavské onkologické dni č. 4 |0 0 |1 0 |4 0 |d 2014-12-12 |l 0 |r 2026-02-21 20:20:20 |w 2026-02-21 | ||
| 952 | |t č. 1-6 |a SNK |b SNK |y PREZ |7 0 |p 17A1365576 |o snkČSB 5699/11/2016 D1 |i snk2019/7525 |8 0 |0 0 |1 0 |4 0 |d 2019-03-19 |l 0 |r 2026-02-21 21:51:50 |w 2026-02-21 | ||
| 952 | |t č. 1-6 |a SNK |b SNK |y PREZ |7 0 |p 17A1365575 |o snkČSB 5699/12/2017 |i snk2019/7528 |8 0 |f 1 |0 0 |1 0 |4 0 |d 2019-03-19 |l 0 |r 2026-02-21 21:51:50 |w 2026-02-21 | ||
| 952 | |t č. 1-6 + suppl. 1,2, + príl., ne |a SNK |b SNK |y PREZ |7 0 |p 17A1202065 |o snkČSB 5699/9/2014 D1 |i snk2016/23201 |8 0 |z chýba č. 3; príl. v č. 4: Bratislavské onkologické dni |0 0 |1 0 |4 0 |d 2016-10-05 |l 0 |r 2026-02-21 22:10:05 |w 2026-02-21 | ||
| 952 | |t č. 1-6 |a SNK |b SNK |y PREZ |7 0 |p 17A1202066 |o snkČSB 5699/10/2015 |i snk2016/23202 |8 0 |f 1 |0 0 |1 0 |4 0 |d 2016-10-05 |l 0 |r 2026-02-21 22:10:05 |w 2026-02-21 | ||
| 952 | |t č. 1-6 |a SNK |b SNK |y PREZ |7 0 |p 17A1368642 |o snkČSB 5699/12/2017 D1 |i snk2019/17486 |8 0 |0 0 |1 0 |4 0 |d 2019-06-27 |l 0 |r 2026-02-21 22:14:45 |w 2026-02-21 | ||
| 952 | |t č. 1-6 |a SNK |b SNK |y PREZ |7 0 |p 17A1368643 |o snkČSB 5699/13/2018 |i snk2019/17493 |8 0 |f 1 |0 0 |1 0 |4 0 |d 2019-06-27 |l 0 |r 2026-02-21 22:14:46 |w 2026-02-21 | ||
| 952 | |t č. 1-6 |a SNK |b SNK |y PREZ |7 0 |p 17A1266455 |o snkČSB 5699/10/2015 D1 |i snk2017/28176 |8 0 |0 0 |1 0 |4 0 |d 2017-12-20 |l 0 |r 2026-02-21 22:19:17 |w 2026-02-21 | ||
| 952 | |t č. 1-6 |a SNK |b SNK |y PREZ |7 0 |p 17A1267395 |o snkČSB 5699/11/2016 |i snk2018/1254 |8 0 |f 1 |0 0 |1 0 |4 0 |d 2018-01-17 |l 0 |r 2026-02-21 22:26:00 |w 2026-02-21 | ||
| 952 | |t č. 1-6 |a SNK |b SNK |y PREZ |7 0 |p 17A1369947 |o snkČSB 5699/13/2018 D1 |i snk2019/21013 |8 0 |0 0 |1 0 |4 0 |d 2019-08-16 |l 0 |r 2026-02-21 22:28:53 |w 2026-02-21 | ||


